000 00750nam a2200193 i 4500
001 62083
003 ES-MaACL
005 20251105063132.0
007 t|
008 031117s1928 fr ||||1| fre d
100 1 _aFaura i Sans, M.,
_d1883-1941
_948954
245 1 0 _aRésumé de nos connaissances sur l'athracolithique de la Catalogue et ses relations chronologiques avec les formations similaires de la Pèninsule Ibérique /
_cM. Faura y Sans.
260 _aLiége :
_b[s.n.,
_c1928] (
_fImp. Vaillant-Carmanne)
300 _a17 h. ;
_c27 cm.
500 _aPrecede al tit.: Congrés de Stratigraphie Carbonifère.
711 2 _aCongrés de Stratigraphie Carbonifère.
_9234
852 _aES-MaACL
_j1732-F-19
999 _c62083
_d62083